ARRUPE JESUIT UNIVERSITY

CORONAVIRUS -STOP THE SPREAD - CLEAN,DISINFECT,COVER

Toward an alternative theology : (Record no. 125122)

MARC details
000 -LEADER
fixed length control field 01350cam a22003374a 4500
001 - CONTROL NUMBER
control field 12487352
003 - CONTROL NUMBER IDENTIFIER
control field ARRUPE
005 - DATE AND TIME OF LATEST TRANSACTION
control field 20160824111353.0
008 - FIXED-LENGTH DATA ELEMENTS--GENERAL INFORMATION
fixed length control field 010730r20021991inua b 000 0 eng
010 ## - LIBRARY OF CONGRESS CONTROL NUMBER
LC control number 2001046428
020 ## - INTERNATIONAL STANDARD BOOK NUMBER
International Standard Book Number 0268042195 (cloth : alk. paper)
020 ## - INTERNATIONAL STANDARD BOOK NUMBER
International Standard Book Number 0268042209 (pbk. : alk. paper)
040 ## - CATALOGING SOURCE
Original cataloging agency DLC
Transcribing agency DLC
Modifying agency DLC
042 ## - AUTHENTICATION CODE
Authentication code pcc
050 00 - LIBRARY OF CONGRESS CALL NUMBER
Classification number BX4705.G6178
Item number A3 2002
082 00 - DEWEY DECIMAL CLASSIFICATION NUMBER
Classification number 261.2/45
Edition number 21
300 ## - PHYSICAL DESCRIPTION
Other physical details ill. ;
Dimensions 23 cm.
100 1# - MAIN ENTRY--PERSONAL NAME
Personal name Grant, Sara,
Dates associated with a name 1922-
9 (RLIN) 25416
245 10 - TITLE STATEMENT
Title Toward an alternative theology :
Remainder of title confessions of a non-dualist Christian : the Teape lectures, 1989 /
Statement of responsibility, etc Sara Grant ; introduction by Bradley J. Malkovsky.
260 ## - PUBLICATION, DISTRIBUTION, ETC. (IMPRINT)
Place of publication, distribution, etc Notre Dame, Ind. :
Name of publisher, distributor, etc University of Notre Dame Press,
Date of publication, distribution, etc c2002.
300 ## - PHYSICAL DESCRIPTION
Extent xxvi, 99 p. :
500 ## - GENERAL NOTE
General note Originally published: Bangalore : Asian Trading Corp., 1991.
504 ## - BIBLIOGRAPHY, ETC. NOTE
Bibliography, etc Includes bibliographical references.
600 10 - SUBJECT ADDED ENTRY--PERSONAL NAME
Personal name Grant, Sara,
Dates associated with a name 1922-
9 (RLIN) 25416
650 #0 - SUBJECT ADDED ENTRY--TOPICAL TERM
Topical term or geographic name as entry element Advaita.
9 (RLIN) 25417
650 #0 - SUBJECT ADDED ENTRY--TOPICAL TERM
Topical term or geographic name as entry element Theology.
9 (RLIN) 25418
650 #0 - SUBJECT ADDED ENTRY--TOPICAL TERM
Topical term or geographic name as entry element Christianity and other religions
General subdivision Hinduism.
9 (RLIN) 8258
650 #0 - SUBJECT ADDED ENTRY--TOPICAL TERM
Topical term or geographic name as entry element Hinduism
General subdivision Relations
-- Christianity.
9 (RLIN) 25419
906 ## - LOCAL DATA ELEMENT F, LDF (RLIN)
a 7
b cbc
c orignew
d 1
e ocip
f 20
g y-gencatlg
942 ## - ADDED ENTRY ELEMENTS (KOHA)
Source of classification or shelving scheme Library of Congress Classification
Koha item type Monograph ( Printed materials)
Holdings
Withdrawn status Lost status Source of classification or shelving scheme Damaged status Not for loan Collection code Home library Current library Shelving location Date acquired Total Checkouts Full call number Barcode Date last seen Price effective from Koha item type
    Library of Congress Classification     Main Collection ARRUPE LIBRARY ARRUPE LIBRARY Main Collection 24/08/2016   BX4705.G6178 A3 2001 46500010252 22/11/2017 24/08/2016 Monograph ( Printed materials)

 

Arrupe Library. PO Box MP320 Mt Pleasant, Harare, Zimbabwe
263 242 745411|librarian@aju.ac.zw